00519nam a2200193Ia 450000500170000000800460001703700110006304000080007404000080008204000080009004100080009804100080010608400080011410000380012224500660016026000090022630000100023570000800024520260430150146.0008 250103s9999 xx 000 0 eng d aTheses aCRL beng ceng 2eng aeng qCRL aJain Surbhi Au.; Tomar Monika Gu. 0aDevelopment of LR-SPR based handheld optical gaseous analytes c2021 a6-4p. aUniversity of Delhi. Faculty of Science. Deptt. of Physics and Astrophysics